| 000 | 00878nam a2200205 a 4500 | ||
|---|---|---|---|
| 001 | 000041886 | ||
| 005 | 20201002035818.0 | ||
| 008 | 131021s2004 sp ab 000 0 spa d | ||
| 020 | _a8400082613 | ||
| 040 |
_aDO-SdBNP _bspa _cBNPHU |
||
| 082 |
_axxx _bF363t |
||
| 100 | 1 |
_aFernández Rodríguez, Manuel _963969 |
|
| 245 | 1 | 0 |
_aToronium : _baproximación a la historia de una tierra medieval / _cManuel Fernández Rodríguez ; prólogo Eduardo Pardo de Guevara y Valdés. |
| 260 |
_aSantiago de Compostela : _bConsejo Superior de Investigaciones Científicas, _c2004. |
||
| 300 |
_a277 p. : _bil., maps ; _c24 cm. |
||
| 490 | 1 |
_aAnejo cuadernos de estudios gallegos _v31 |
|
| 500 | _aIncluye referencias bibliográficas y notas al pie de las páginas. | ||
| 700 | 1 | 2 |
_aGuevara y Valdés, Eduardo Pardo de _epról. _964035 |
| 830 | 0 |
_aAnejo cuadernos de estudios gallegos _n31 _968774 |
|
| 999 |
_c41375 _d41375 |
||